Which World Leaders, When? - Statistics

General Stats
  • This quiz has been taken 6 times
  • The average score is 37 of 60
Answer Stats
Question Tile Select % Correct
leaders during the First World War Alfred von Schlieffen No
100%
leaders during the First World War Andrew McKenna No
100%
leaders during the First World War H.H. Asquith Yes
100%
leaders during the First World War Nicholas II Yes
100%
leaders during the Interwar Period William Taft No
100%
leaders during the Second World War Adolf Hitler Yes
80%
leaders during the 21st Century Al Gore No
80%
leaders during the 21st Century Angela Merkel Yes
80%
leaders during the 21st Century Barack Obama Yes
80%
leaders during the Second World War Benito Mussolini Yes
80%
leaders during the First World War David Lloyd George Yes
80%
leaders during the First World War Douglas Haig No
80%
leaders during the 21st Century Elizabeth II Yes
80%
leaders during the Cold War Fidel Castro Yes
80%
leaders during the 21st Century Gordon Brown Yes
80%
leaders during the 21st Century Helmut Kohl No
80%
leaders during the Second World War Hirohito Yes
80%
leaders during the Cold War Ho Chi Minh Yes
80%
leaders during the Cold War Hugh Gaitskell No
80%
leaders during the First World War Joseph Joffre No
80%
leaders during the Second World War Neville Chamberlain Yes
80%
leaders during the Cold War Nikita Khrushchev Yes
80%
leaders during the Cold War Ronald Reagan Yes
80%
leaders during the 21st Century Saddam Hussein Yes
80%
leaders during the Interwar Period Vladimir Lenin Yes
80%
leaders during the Interwar Period Winston Churchill No
80%
leaders during the First World War Conrad von Hotzendorf No
60%
leaders during the 21st Century George H. W. Bush No
60%
leaders during the Second World War Georgy Zhukov No
60%
leaders during the Interwar Period Gregory Zinoviev No
60%
leaders during the Second World War Harry S Truman Yes
60%
leaders during the Cold War Hideki Tojo No
60%
leaders during the 21st Century John Kerry No
60%
leaders during the Interwar Period John M Keynes No
60%
leaders during the Cold War Josip Broz Tito Yes
60%
leaders during the Cold War Lavrenty Beria No
60%
leaders during the Interwar Period Mahatma Gandhi No
60%
leaders during the Interwar Period Paul von Hindenburg Yes
60%
leaders during the Interwar Period Ramsay MacDonald Yes
60%
leaders during the 21st Century Shinzo Abe Yes
60%
leaders during the Interwar Period Taisho Yes
60%
leaders during the Interwar Period Warren G Harding Yes
60%
leaders during the Second World War Wilhelm II No
60%
leaders during the Second World War Alan Turing No
40%
leaders during the Second World War Bernard Montgomery No
40%
leaders during the Cold War Douglas MacArthur No
40%
leaders during the Second World War Erwin Romel No
40%
leaders during the Cold War Franklin D Roosevelt No
40%
leaders during the Cold War Harold Wilson Yes
40%
leaders during the 21st Century Jacques Chirac Yes
40%
leaders during the 21st Century Jeremy Corbyn No
40%
leaders during the First World War Max von Baden Yes
40%
leaders during the First World War Mehmed VI Yes
40%
leaders during the First World War Raymond Poincaré Yes
40%
leaders during the Second World War Dwight D Eisenhower No
20%
leaders during the Cold War Haile Selassie Yes
20%
leaders during the Second World War Philippe Pétain Yes
20%
leaders during the Interwar Period Niceto Alcalá-Zamora Yes
0%
leaders during the Interwar Period Victor Emmanuel III Yes
0%
leaders during the First World War Vittorio Orlando Yes
0%
No matching quizzes found
Score Distribution
Percent of People with Each Score
Percentile by Number Answered
Your Score History
You have not taken this quiz